00418nam a2200169 a 450000100060000000300090000600800410001502000150005604000280007108200200009910000240011924500230014326000450016630000110021165000160022265000100023818197CO-ViMGA141112s2004 ck r 000 u spa d a9501740072 aCO-ViMGAbspacCO-ViMGA04a133.32424 F375q1 aFernandez, Celia T.10a¿Que es el Tarot? aBuenos Aires (Argentina), cKier, c2002 a143.p.14aADIVINACION14aTAROT